000 00555nam a22001577a 4500
003 NUST
038 _aNusrat Nadeem
082 _a200
100 _aKhan, Aimen
_9134463
245 _aImpact of Global Fast Fashion Brands on the Sustainability Practices of Second Tier Suppliers in Pakistan/
_cAimen Khan,
264 _aIslamabad:
_NNBS NUST,
_c2026.
650 _aMS- Operations and Supply Chain
_9122989
700 _aSupervisor: Dr. Muhammad Kamran Khalid
_9120131
856 _u http://10.250.8.41:8080/xmlui/handle/123456789/57888
942 _2ddc
_cSC
999 _c617455
_d617455